000 00286nam a2200109Ia 4500
008 240109s9999 xx 000 0 und d
041 _aeng
100 _aChetverikov
245 _aData Processing For Control and Management.
260 _bMIR Publishar Moscow.
650 _aManagement
999 _c1019744
_d1019744